| 000 | 00619 a2200157 4500 | ||
|---|---|---|---|
| 999 |
_c342305 _d342305 |
||
| 003 | NUST | ||
| 005 | 20180116125233.0 | ||
| 008 | 171218b xxu||||| |||| 00| 0 eng d | ||
| 020 | _a817596491X (paperback) | ||
| 020 | _a9788175964914 (paperback) | ||
| 040 | _c0 | ||
| 082 | _a808 CAR | ||
| 100 | 1 |
_aCarter,Ronald. _97389 |
|
| 245 | 1 | 4 |
_aThe web of words : _bexploring literature through language / _cRonald Carter. |
| 260 |
_aNes Delhi _bCambridge University, _c2007. |
||
| 300 | _a188p. | ||
| 500 | _aH.B | ||
| 856 | 4 | 0 |
_3Amazon.com _uhttp://www.amazon.com/exec/obidos/ASIN/817596491X/chopaconline-20 |
| 942 |
_cBK _kIESE _2ddc |
||